Соловьиная пора: [стихи]

Dades bibliogràfiques
Autor principal: Ручьев Б. А. Борис Александрович
Altres autors: Туманов А. Р. (иллюстратор)
Sumari:Авт. и загл. указаны на корешке
В суперобложке.
Idioma:rus
Publicat: Челябинск, Южно-Уральское кн. изд-во, 1976
Matèries:
Format: MixedMaterials Llibre
KOHA link:https://koha.lib.tpu.ru/cgi-bin/koha/opac-detail.pl?biblionumber=373831

MARC

LEADER 00000nam0a2200000 4500
001 373831
005 20231101050910.0
010 |b 5000 экз. 
035 |a (RuTPU)RU\TPU\retro\31262 
035 |a RU\TPU\book\272921 
090 |a 373831 
100 |a 20221216d1976 m y0rusy50 ca 
101 0 |a rus 
102 |a RU 
105 |a a z 000gy 
200 1 |a Соловьиная пора   |e [стихи]  |f Б. А. Ручьев  |g худож. А. Р. Туманов 
210 |a Челябинск  |c Южно-Уральское кн. изд-во  |d 1976 
215 |a 69 с.  |c ил.  |d 10,5 см. 
300 |a Авт. и загл. указаны на корешке 
300 |a В суперобложке. 
610 1 |a русская литература 
610 1 |a поэзия 
610 1 |a 20 век 
610 1 |a стихи 
610 1 |a миниатюрные издания 
675 |a Р2  |v 3 
686 |a Ч611.68  |v LBC/SL-A  |2 rubbk 
700 1 |a Ручьев  |b Б. А.  |g Борис Александрович 
702 1 |a Туманов  |b А. Р.  |4 440 
801 1 |a RU  |b 63413507  |c 20140217 
801 2 |a RU  |b 63413507  |c 20221216  |g RCR 
942 |c BK